000 00708nam a22002057a 4500
005 20100508115143.0
008 100508t xxu||||| |||| 00| 0 eng d
010 _aB-368646
020 _c595.00
035 _aB-368646
037 _bPansy Books
040 _adpl
_bEnglish
100 _aWalters, Mavtin
245 _aTrees of the world /
_cby Mavtin Walters
260 _bHermes House
_aLondon
300 _ap.
_ccm.
942 _2ddc
_cEN
_mWAL
999 _c35826
_d35826